000 00619nam a22002297a 4500
003 UA-OsUOA
001 89710
007 ta
008 20121108b un ||||| |||| 00| 0 ukr d
100 _aЗима О.
090 _a821.161.2
_bЗ-62
942 _cBK
040 _aUA-OsUOA
_bukr
_cUA-OsUOA
_dUA-OsUOA
245 _aЖолуді на піску
_bповісті
300 _a340 с.
955 _a3
041 _aukr
080 _a821.161.2
260 _aК.
_bРадянський письменник
_c1983
650 7 _a82 Література. Літературознавство
_2UDC
999 _c375992
_d375992